What Guitar Brand Do They Use? - Statistics

General Stats
  • This quiz has been taken 33 times
  • The average score is 18 of 30
Answer Stats
Question Tile Select % Correct
Eddie Van Halen of Van Halen Gibson No
91%
Jimmy Page of Led Zeppelin Stratocaster No
91%
David Gilmour of Pink Floyd Gibson No
88%
Jimmy Page of Led Zeppelin Gibson Yes
88%
Slash of Guns And Roses Stratocaster No
81%
Jimmy Page of Led Zeppelin Fender No
75%
Zakk Wylde of Black Sabbath Fender No
75%
Slash of Guns And Roses Gibson Yes
75%
Keith Richards of Rolling Stones Stratocaster No
75%
Slash of Guns And Roses Fender No
72%
Zakk Wylde of Black Sabbath Stratocaster No
72%
Randy Rhoads Of Quiet Riot Fender No
69%
Zakk Wylde of Black Sabbath Gibson Yes
69%
Randy Rhoads Of Quiet Riot Stratocaster No
69%
Eric Clapton of Cream Gibson No
63%
Randy Rhoads Of Quiet Riot Gibson Yes
63%
David Gilmour of Pink Floyd Fender Yes
56%
Billy Squier (Solo) Stratocaster No
53%
Eddie Van Halen of Van Halen Fender Yes
50%
David Gilmour of Pink Floyd Stratocaster No
50%
Eric Clapton of Cream Fender Yes
47%
Mick Mars of Motley Crue Stratocaster No
44%
Eric Clapton of Cream Stratocaster Yes
44%
Keith Richards of Rolling Stones Fender No
34%
Mick Mars of Motley Crue Gibson Yes
34%
Eddie Van Halen of Van Halen Stratocaster No
34%
Billy Squier (Solo) Fender No
31%
Keith Richards of Rolling Stones Gibson Yes
31%
Mick Mars of Motley Crue Fender Yes
25%
Billy Squier (Solo) Gibson Yes
19%
No matching quizzes found
Score Distribution
Percent of People with Each Score
Percentile by Number Answered
Your Score History
You have not taken this quiz